|
|
|
|
| LEADER |
01170nam a2200277 a 4500 |
| 001 |
1878422 |
| 008 |
120910t19991983enka b 001 0 eng d |
| 010 |
|
|
|a 83015349
|
| 020 |
|
|
|a 0521253772
|
| 020 |
|
|
|a 0521273846 (pbk.)
|
| 020 |
|
|
|a 0521253780 (cassette)
|
| 040 |
|
|
|a DLC
|c DLC
|d DLC
|d BD-DhAAL
|
| 082 |
0 |
0 |
|a 428.3/4
|2 19
|
| 100 |
1 |
|
|a Brown, Gillian.
|
| 245 |
1 |
0 |
|a Teaching the spoken language :
|b an approach based on the analysis of conversational English /
|c Gillian Brown and George Yule.
|
| 260 |
|
|
|a Cambridge ;
|a New York :
|b Cambridge University Press,
|c 1983. [Twelfth printing 1999]
|
| 300 |
|
|
|a xi, 162 p. :
|b ill. ;
|c 24 cm.
|
| 490 |
1 |
|
|a Cambridge language teaching library
|
| 504 |
|
|
|a Includes Bibliography (p. 160-161.) and index.
|
| 541 |
|
|
|a 00025957
|
| 650 |
|
0 |
|a English language
|x Study and teaching
|x Foreign speakers.
|
| 650 |
|
0 |
|a English language
|x Spoken English.
|
| 700 |
1 |
|
|a Yule, George,
|d 1947-
|
| 852 |
1 |
|
|a Ayesha Abed Library
|j General shelf
|
| 999 |
|
|
|c 12814
|d 12814
|
| 952 |
|
|
|0 0
|1 0
|4 0
|6 428_340000000000000_BRO
|7 0
|9 21090
|a BRACUL
|b BIL
|c GEN
|d 2012-09-11
|e Karim International
|g 3200.00
|l 0
|o 428.34 BRO
|p 3010025957
|r 2012-09-11
|t 1
|w 2012-09-11
|y BK
|